Revista de derecho de daños 2015 - 2 : unificación de la responsabilidad contractual y extracontractual /

Guardado en:
Formato: Libro
Idioma:Spanish
Publicado: Santa Fe : Rubinzal - Culzoni, 2015.
Edición:1a. ed.
Materias:
Etiquetas: Agregar Etiqueta
Sin Etiquetas, Sea el primero en etiquetar este registro!
LEADER 00602nam a22001695a 4500
001 DER.der013929
008 190903s2015####ag#||||||||||||||#||spa||
005 20230607155023.0
245 1 0 |a Revista de derecho de daños 2015 - 2 :  |b unificación de la responsabilidad contractual y extracontractual /  |c Mosset Iturraspe, Jorge. 
250 |a 1a. ed. 
260 |a Santa Fe :  |b Rubinzal - Culzoni,  |c 2015. 
300 |a 758 p. 
700 1 |a Mosset Iturraspe, Jorge,  |e dir. 
700 1 |a Lorenzetti, Ricardo Luis,  |e dir. 
650 7 |a LUCRO CESANTE 
650 7 |a PERDIDA DE CHANCE 
859 |a DERECHO  |b BIB. DERECHO  |h 346  |i REV  |p 009090